=LDR 00000nam 2200000 4500 =001 INLIS000000000025846 =005 20130612124327 =008 ***********************************Ind** =035 ##$$0010-061300000025846 =041 ##$$a Ind =082 ##$$a 920 =090 ##$$a 920, Rah k =100 ##$$a Rahimsyah. AR, MB =245 ##$$a Kisah pahlawan revolusi, MB. Rahimsyah, AR =260 ##$$a 2003 $b Surabaya =300 ##$$a 160 hlm, ilus, 21 cm =650 ##$$a Kisah Para Pahlawan =850 ##$$a NBPNMAT